=LDR 00000nam 2200000 4500 =001 INLIS000000000056357 =005 20200828080046 =035 ##$$a 0010-0820000498 =007 ta =008 200828###########################0#eng## =020 ##$$a 962-593-153-8 =082 ##$$a 633.830. 959 8 =084 ##$$a 633.830. 959 8 Hut t =245 1#$$a Tropical Herbs & Spices of Indonesia /$c Wendy Hutton =300 ##$$a 63 halaman : $b Ilustrasi ; $c 20 Cm. =500 ##$$a Index: halaman 62-63 =650 #4$$a Tanaman bumbu - Bumbuan - Indonesia =700 #$$a Editor : Kim Inglis =264 ##$$a Singapore :$b Periplus Editions,$c 1997 =336 ##$$a teks$2 rdacontent =337 ##$$a lain-lain$2 rdamedia =338 ##$$a lain-lain$2 rdacarrier =990 ##$$a 31073107